• 首页
  • 本馆介绍
  • 公告通知
  • 最新文献
  • 馆藏检索
  • 电子资源
  • 读者导购
  • 参考咨询
  • 我的图书馆
  • 登录
  • 详细信息显示
  • 放入我的书架
  • 预约/预借图书
  • 作者相关作品
  • 分类相关作品
  • 丛书相关作品
  • 出版社相关作品

书目信息

  • 表格格式
  • 工作单格式
  • 卡片格式
题名:
塑造邻里
    
 
作者: 巴顿 , 格兰特 , 吉斯 著 ;唐燕 , 梁思思 , 郭磊贤 译
分册:  
出版信息: 北京   中国建筑工业出版社  2017
页数: xii, 325页
开本: 28cm
丛书名:
单 册:
中图分类: TU984.12
科图分类:
主题词: 社区--城市规划
电子资源:
ISBN: 978-7-112-17748-6
000 01668nam0 2200349 450
001 2339490483
005 20231203105906.77
010    @a978-7-112-17748-6@dCNY150.00
100    @a20170318d2017 em y0chiy50 ea
101 1  @achi@ceng
102    @aCN@b110000
105    @aa a 001yy
200 1  @a塑造邻里@Asu zao lin li@e为了地方健康与全球可持续性@f(英) 休·巴顿, 马库斯·格兰特, 理查德·吉斯著@g唐燕, 梁思思, 郭磊贤译
210    @a北京@c中国建筑工业出版社@d2017
215    @axii, 325页@c图 (部分彩图)@d28cm
305    @a译自原书第2版
306    @a本书中文简体字翻译版由英国Taylor&Francis Froup出版公司授权中国建筑工业出版社独家出版
312    @a英文题名原文取自封面
320    @a有书目 (第315-321页) 和索引
330    @a本书共分六章, 既从理论上总结了邻里规 划的基本思想与原则, 又从规划程序、满足地方需求、保护自然生态等多个方面条分缕析地说明了社区建设应该遵 循的方法。它可以帮助读者更好地理解、规划健康可持续 邻里和城镇的潜在原则; 设计有助于社区、开发商和地方政权一起工作的包容性程序; 形成将地方需求和可持续的城市形态匹配起来的诀窍和技能; 设计有特点的场所以及认知好的城市形态。
500 10 @aShaping neighbourhoods for local health and global sustainability@mChinese
517 1  @a为了地方健康与全球可持续性@Awei le di fang jian kang yu quan qiu ke chi xu xing
606 0  @a社区@x城市规划
690    @aTU984.12@v5
701  1 @a巴顿@Aba dun@g(Barton, Hugh)@4著
701  1 @a格兰特@Age lan te@g(Grant, Marcus)@4著
701  1 @a吉斯@Aji si@g(Guise, Richard)@4著
702  0 @a唐燕@Atang yan@4译
702  0 @a梁思思@Aliang si si@4译
702  0 @a郭磊贤@Aguo lei xian@4译
801  0 @aCN@b湖北三新@c20170318
905    @aBZT@dTU984.12@e15
    
    塑造邻里:为了地方健康与全球可持续性/(英) 休·巴顿, 马库斯·格兰特, 理查德·吉斯著/唐燕, 梁思思, 郭磊贤译.-北京:中国建筑工业出版社,2017
    xii, 325页:图 (部分彩图);28cm
    
    
    ISBN 978-7-112-17748-6:CNY150.00
    本书共分六章, 既从理论上总结了邻里规 划的基本思想与原则, 又从规划程序、满足地方需求、保护自然生态等多个方面条分缕析地说明了社区建设应该遵 循的方法。它可以帮助读者更好地理解、规划健康可持续 邻里和城镇的潜在原则; 设计有助于社区、开发商和地方政权一起工作的包容性程序; 形成将地方需求和可持续的城市形态匹配起来的诀窍和技能; 设计有特点的场所以及认知好的城市形态。
●
相关链接 在五车中查询图书 在当当中查询图书 在豆瓣中查询图书


正题名:塑造邻里     索取号:TU984.12/15         预约/预借

序号 登录号 条形码 馆藏地/架位号 状态 备注
1 2001310642   2001310642   三新/湖北三新(第三批)/963/ [索取号:TU984.12/15] 在馆    
2 2001310643   2001310643   三新/湖北三新(第三批)/963/ [索取号:TU984.12/15] 在馆    
3 2001310644   2001310644   三新/湖北三新(第三批)/963/ [索取号:TU984.12/15] 在馆    
4 2001310645   2001310645   三新/湖北三新(第三批)/963/ [索取号:TU984.12/15] 在馆    
5 2001310646   2001310646   三新/湖北三新(第三批)/963/ [索取号:TU984.12/15] 在馆    
6 2001310647   2001310647   三新/湖北三新(第三批)/963/ [索取号:TU984.12/15] 在馆    
7 2001310648   2001310648   三新/湖北三新(第三批)/963/ [索取号:TU984.12/15] 在馆    
8 2001310649   2001310649   三新/湖北三新(第三批)/963/ [索取号:TU984.12/15] 在馆    
9 2001310650   2001310650   三新/湖北三新(第三批)/963/ [索取号:TU984.12/15] 在馆    
10 2001310651   2001310651   三新/湖北三新(第三批)/963/ [索取号:TU984.12/15] 在馆    
11 2001310652   2001310652   三新/湖北三新(第三批)/963/ [索取号:TU984.12/15] 在馆    
12 2001310653   2001310653   三新/湖北三新(第三批)/963/ [索取号:TU984.12/15] 在馆    
13 2001310654   2001310654   三新/湖北三新(第三批)/963/ [索取号:TU984.12/15] 在馆    
14 2001310655   2001310655   三新/湖北三新(第三批)/963/ [索取号:TU984.12/15] 在馆    
15 2001310656   2001310656   三新/湖北三新(第三批)/963/ [索取号:TU984.12/15] 在馆    
16 2001313592   2001313592   320书库/ [索取号:TU984.12/15] 在馆    
17 2001313593   2001313593   320书库/ [索取号:TU984.12/15] 在馆    
18 2001313594   2001313594   320书库/ [索取号:TU984.12/15] 在馆    
19 2001313595   2001313595   320书库/ [索取号:TU984.12/15] 在馆    
20 2001313596   2001313596   320书库/ [索取号:TU984.12/15] 在馆    
21 2001313597   2001313597   320书库/ [索取号:TU984.12/15] 在馆    
22 2001313598   2001313598   320书库/ [索取号:TU984.12/15] 在馆    
23 2001313599   2001313599   320书库/ [索取号:TU984.12/15] 在馆    
24 2001313600   2001313600   320书库/ [索取号:TU984.12/15] 在馆    
25 2001313601   2001313601   320书库/ [索取号:TU984.12/15] 在馆    
26 2001313602   2001313602   320书库/ [索取号:TU984.12/15] 在馆    
27 2001313603   2001313603   320书库/ [索取号:TU984.12/15] 在馆    
28 2001313604   2001313604   320书库/ [索取号:TU984.12/15] 在馆    
29 2001313605   2001313605   320书库/ [索取号:TU984.12/15] 在馆    
30 2001313606   2001313606   320书库/ [索取号:TU984.12/15] 在馆    
山东省滨州职业学院图书馆 欢迎您!
大连网信软件有限公司© 版权所有